Introduction to Artificial Intelligence and Expert Systems / (Record no. 32013)
[ view plain ]
| 000 -LEADER | |
|---|---|
| fixed length control field | 00539 a2200181 4500 |
| 003 - CONTROL NUMBER IDENTIFIER | |
| control field | OSt |
| 005 - DATE AND TIME OF LATEST TRANSACTION | |
| control field | 20260129100223.0 |
| 008 - FIXED-LENGTH DATA ELEMENTS--GENERAL INFORMATION | |
| fixed length control field | 260115b ||||| |||| 00| 0 eng d |
| 020 ## - INTERNATIONAL STANDARD BOOK NUMBER | |
| International Standard Book Number | 978-93-325-5194-7 |
| 040 ## - CATALOGING SOURCE | |
| Transcribing agency | . |
| 082 ## - DEWEY DECIMAL CLASSIFICATION NUMBER | |
| Classification number | 006.3 |
| Item number | P3171 |
| 100 ## - MAIN ENTRY--PERSONAL NAME | |
| 9 (RLIN) | 6479 |
| Personal name | Patterson, Dan W. |
| 245 ## - TITLE STATEMENT | |
| Title | Introduction to Artificial Intelligence and Expert Systems / |
| Statement of responsibility, etc. | by Dan W. Patterson |
| 260 ## - PUBLICATION, DISTRIBUTION, ETC. | |
| Name of publisher, distributor, etc. | Pearson India Education Services Pvt Ltd, |
| Place of publication, distribution, etc. | India : |
| Date of publication, distribution, etc. | 2015. |
| 300 ## - PHYSICAL DESCRIPTION | |
| Extent | 448 p. |
| 650 #0 - SUBJECT ADDED ENTRY--TOPICAL TERM | |
| 9 (RLIN) | 3233 |
| Topical term or geographic name entry element | Artificial intelligence |
| 942 ## - ADDED ENTRY ELEMENTS (KOHA) | |
| Source of classification or shelving scheme | |
| Koha item type | Books |
| Withdrawn status | Lost status | Source of classification or shelving scheme | Damaged status | Not for loan | Collection code | Permanent Location | Current Location | Shelving location | Date acquired | Source of acquisition | Cost, normal purchase price | Full call number | Barcode | Date last seen | Cost, replacement price | Price effective from | Koha item type |
|---|---|---|---|---|---|---|---|---|---|---|---|---|---|---|---|---|---|
| Non-fiction | IMU Kolkata | IMU Kolkata | Reference | 2026-01-28 | 28 | 467.60 | 006.3 P3171 | 14552 | 2026-01-28 | 700.00 | 2026-01-28 | Books | |||||
| Non-fiction | IMU Kolkata | IMU Kolkata | 2026-01-28 | 28 | 467.60 | 006.3 P3171 | 14553 | 2026-01-28 | 700.00 | 2026-01-28 | Books | ||||||
| Non-fiction | IMU Kolkata | IMU Kolkata | 2026-01-28 | 28 | 467.60 | 006.3 P3171 | 14554 | 2026-01-28 | 700.00 | 2026-01-28 | Books | ||||||
| Non-fiction | IMU Kolkata | IMU Kolkata | 2026-01-28 | 28 | 467.60 | 006.3 P3171 | 14555 | 2026-01-28 | 700.00 | 2026-01-28 | Books | ||||||
| Non-fiction | IMU Kolkata | IMU Kolkata | 2026-01-28 | 28 | 467.60 | 006.3 P3171 | 14556 | 2026-01-28 | 700.00 | 2026-01-28 | Books | ||||||
| Non-fiction | IMU Kolkata | IMU Kolkata | 2026-01-28 | 28 | 467.60 | 006.3 P3171 | 14557 | 2026-01-28 | 700.00 | 2026-01-28 | Books | ||||||
| Non-fiction | IMU Kolkata | IMU Kolkata | 2026-01-28 | 28 | 467.60 | 006.3 P3171 | 14558 | 2026-01-28 | 700.00 | 2026-01-28 | Books | ||||||
| Non-fiction | IMU Kolkata | IMU Kolkata | 2026-01-28 | 28 | 467.60 | 006.3 P3171 | 14559 | 2026-01-28 | 700.00 | 2026-01-28 | Books | ||||||
| Non-fiction | IMU Kolkata | IMU Kolkata | 2026-01-28 | 28 | 467.60 | 006.3 P3171 | 14560 | 2026-01-28 | 700.00 | 2026-01-28 | Books |